BSOP header

The Biblical doctrine of man in society / (Record no. 19380)

MARC details
000 -LEADER
fixed length control field 00809nam a2200193 4500
008 - FIXED-LENGTH DATA ELEMENTS--GENERAL INFORMATION
fixed length control field 040302s1954 xx 000 0 eng
090 ## - LOCALLY ASSIGNED LC-TYPE CALL NUMBER (OCLC); LOCAL CALL NUMBER (OCLC)
Classification number (OCLC) (R) ; Classification number, CALL (RLIN) (NR) BS670
Local cutter number (OCLC) ; Book number/undivided call number, CALL (RLIN) W93b
100 1# - MAIN ENTRY--PERSONAL NAME
Personal name Wright, George Ernest,
Dates associated with a name 1909-1974.
245 14 - TITLE STATEMENT
Title The Biblical doctrine of man in society /
Statement of responsibility, etc [by] G. Ernest Wright and an ecumenical committee in Chicago.
260 ## - PUBLICATION, DISTRIBUTION, ETC. (IMPRINT)
Place of publication, distribution, etc London,
Name of publisher, distributor, etc Published for the Study Dept., World Council of Churches by SCM Press,
Date of publication, distribution, etc [1954]
300 ## - PHYSICAL DESCRIPTION
Extent 176 p. :
Dimensions 19 cm.
490 1# - SERIES STATEMENT
Series statement Ecumenical Biblical studies,
Volume number/sequential designation no. 2
504 ## - BIBLIOGRAPHY, ETC. NOTE
Bibliography, etc Includes bibliographical references.
650 #4 - SUBJECT ADDED ENTRY--TOPICAL TERM
Topical term or geographic name as entry element Man (Theology)
General subdivision Biblical teaching.
650 #4 - SUBJECT ADDED ENTRY--TOPICAL TERM
Topical term or geographic name as entry element Sociology, Biblical.
650 #4 - SUBJECT ADDED ENTRY--TOPICAL TERM
Topical term or geographic name as entry element Sociology, Christian.
951 ## - EQUIVALENCE OR CROSS-REFERENCE-GEOGRAPHIC NAME/AREA NAME [OBSOLETE] [CAN/MARC only]
General subdivision 00006943
710 22 - ADDED ENTRY--CORPORATE NAME
Corporate name or jurisdiction name as entry element World Council of Churches.
Subordinate unit Study Dept.
951 ## - EQUIVALENCE OR CROSS-REFERENCE-GEOGRAPHIC NAME/AREA NAME [OBSOLETE] [CAN/MARC only]
-- 20634
-- BS670/W93b
-- 070613111344968
-- 2000-12-21
-- GC
Holdings
Withdrawn status Lost status Damaged status Not for loan Home library Current library Shelving location Date acquired Accession number Shelving control number Total Checkouts Full call number Barcode Date last seen Price effective from Koha item type
        BSOP Library BSOP Library GC 12/21/2000 20634 127   BS670/W93b 00006943 02/23/2013 02/23/2013 Books
BSOP

Biblical Seminary of the Philippines
  All rights Reserved
  © 2024

CONTACT INFORMATION

Biblical Seminary of the Philippines,
  77-B Karuhatan Road, Valenzuela City,
  PHILIPPINES 1441
  Phone: +632 8292-6795 / 8292-6798
  Fax : +632 8292-6675
  Email: library@bsop.edu.ph